|
|
|
|
| LEADER |
01139nam a22003132a 4500 |
| 001 |
000151259 |
| 003 |
CZ BrMZK |
| 005 |
20210607210105.0 |
| 007 |
ta |
| 008 |
020712s1978 xr f |||| 0 cze d |
| 015 |
|
|
|a cnb000406994
|
| 035 |
|
|
|a (OCoLC)42177187
|
| 040 |
|
|
|a ABA001
|b cze
|c ABA001
|d ABA001
|d BOA001
|
| 080 |
9 |
|
|a 343 (437)(075.8)
|
| 100 |
1 |
|
|a Nezkusil, Jiří,
|d 1928-2013
|7 jk01090156
|4 aut
|
| 245 |
1 |
0 |
|a Československé trestní právo.
|n Sv. 2,
|p Zvláštní část /
|c J. Nezkusil a kol.
|
| 246 |
3 |
0 |
|a Zvláštní část
|
| 250 |
|
|
|a [1., přeprac. a dopl. vyd.]
|
| 260 |
|
|
|a Praha :
|b Univerzita Karlova,
|c 1978 dotisk
|e (Ostrava :
|f Služby města Ostravy)
|
| 300 |
|
|
|a 291 s. ;
|c 8°
|
| 500 |
|
|
|a Dotisk 1. přeprac. a dopl. vyd. z r. 1959, liší se obsahem
|
| 500 |
|
|
|a Pro vnitř. potřebu
|
| 500 |
|
|
|a 800 výt.
|
| 500 |
|
|
|a Zkr.
|
| 500 |
|
|
|a Výtah učebnice vyd. v nakl. Orbis
|
| 521 |
8 |
|
|a Skriptum pro posluchače právnické fakulty Univerzity Karlovy
|
| 910 |
|
|
|a BOA001
|b 2-0824.822,2
|
| 990 |
|
|
|a BK
|
| 996 |
6 |
|
|b 2619836767
|c 2-0824.822,2
|l MZK
|r Sklad / do 1 hodiny
|n 4
|w 000151259
|u 000010
|a 1
|e BOA001
|j MZK50
|s P
|